Engineering Drawing with CAD Applications (Record no. 1893)
[ view plain ]
| 000 -LEADER | |
|---|---|
| fixed length control field | 00512nam a22001937a 4500 |
| 003 - CONTROL NUMBER IDENTIFIER | |
| control field | OSt |
| 005 - DATE AND TIME OF LATEST TRANSACTION | |
| control field | 20231021130010.0 |
| 008 - FIXED-LENGTH DATA ELEMENTS--GENERAL INFORMATION | |
| fixed length control field | 150527b xxu||||| |||| 00| 0 eng d |
| 020 ## - INTERNATIONAL STANDARD BOOK NUMBER | |
| International Standard Book Number | 0340504110 |
| 040 ## - CATALOGING SOURCE | |
| Transcribing agency | DLC |
| 082 ## - DEWEY DECIMAL CLASSIFICATION NUMBER | |
| Classification number | 620 OST 1989 |
| 100 ## - MAIN ENTRY--PERSONAL NAME | |
| Personal name | Ostrowsky, O. |
| 9 (RLIN) | 4976 |
| 245 ## - TITLE STATEMENT | |
| Title | Engineering Drawing with CAD Applications |
| 260 ## - PUBLICATION, DISTRIBUTION, ETC. (IMPRINT) | |
| Place of publication, distribution, etc. | Oxford : |
| Name of publisher, distributor, etc. | Butterworth Heinemann: |
| Date of publication, distribution, etc. | 1989. |
| 300 ## - PHYSICAL DESCRIPTION | |
| Extent | 175 p: |
| Other physical details | ill; |
| Dimensions | 26 cm |
| 504 ## - BIBLIOGRAPHY, ETC. NOTE | |
| Bibliography, etc | Includes index |
| 650 ## - SUBJECT ADDED ENTRY--TOPICAL TERM | |
| Topical term or geographic name as entry element | Engineering Drawing |
| 9 (RLIN) | 4977 |
| 942 ## - ADDED ENTRY ELEMENTS (KOHA) | |
| Source of classification or shelving scheme | Other/Generic Classification Scheme |
| Koha item type | Short Loan |
| Withdrawn status | Lost status | Source of classification or shelving scheme | Damaged status | Not for loan | Home library | Current library | Date acquired | Source of acquisition | Inventory number | Total Checkouts | Full call number | Barcode | Date last seen | Koha item type |
|---|---|---|---|---|---|---|---|---|---|---|---|---|---|---|
| Dewey Decimal Classification | MUST Main Library | MUST Main Library | 27/05/2015 | Purchase | 03/19056 | 620 OST 1989 | 2015-1621 | 27/05/2015 | Short Loan | |||||
| Dewey Decimal Classification | MUST Main Library | MUST Main Library | 27/05/2015 | Purchase | 03/19058 | 620 OST 1989 | 2015-1622 | 27/05/2015 | Short Loan | |||||
| Dewey Decimal Classification | MUST Main Library | MUST Main Library | 27/05/2015 | Purchase | 03/19057 | 620 OST 1989 | 2015-1623 | 27/05/2015 | Short Loan |
